| 000 | 01030cam a2200181K 4500 | ||
|---|---|---|---|
| 082 |
_a355.00941 _bFOR _cECH/84 |
||
| 100 | 1 |
_aFortescue, J. W. _949223 |
|
| 245 | 1 | 2 |
_aA history of the 17th lancers _b(Duke of Cambridge's own) ... _cby the Hon. Sir John Fortescue ... |
| 260 |
_aLondon, _bMacmillan & Co., _c1895-1931. |
||
| 300 |
_a1 online resource (2 v.) _bfronts., plates, ports., fold. maps (part in pocket) |
||
| 500 | _a"Up to 1900 this history was written by Lieut.-Commander Freeman ... The chapter on the uniforms and the badge of the regiment has been written by Mr. L.E. Buckell."--Preface of Vol. II. | ||
| 505 | 0 | _aVol. I. 1759-1894, by the Hon. Sir John Fortescue.--Vol. II. 1895-1924, by Major Gilbert Micholls. | |
| 526 |
_a0 _b0 _c0 _d355_009410000000000_FOR |
||
| 650 | 0 |
_aWorld War, 1914-1918 _xRegimental histories _zGreat Britain _x17th (Duke of Cambridge's own) lancers. _949335 |
|
| 700 | 1 |
_aMicholls, Gilbert. _949336 |
|
| 856 | 4 | 0 | _uhttp://catalog.hathitrust.org/api/volumes/oclc/21589370.html |
| 942 |
_2ddc _cBK |
||
| 999 |
_c552117 _d552117 |
||